| 000 | 01138nam a2200229 i 4500 | ||
|---|---|---|---|
| 001 | 170520 | ||
| 003 | ES-MaACL | ||
| 005 | 20250824073219.0 | ||
| 008 | 090311s1923 ag |||| | spa d | ||
| 080 | _a821.134.2 (82)-2"18" | ||
| 100 | 1 |
_aSánchez, José Manuel. _9139624 |
|
| 245 | 1 | 3 |
_aEl nuevo Caupolicán o el brabo [sic] patriota de Caracas / _cpor José Manuel Sánchez ; [noticia por Dardo Corvalán Mendilaharzu]. |
| 260 |
_aBuenos Aires : _b[s.n.], _c1923 ( _fImp. y Casa Editora "Coni") |
||
| 300 |
_a3 h., p. 217-239 ; _c23 cm. |
||
| 490 | 1 |
_aSección de documentos. Primera serie. T. I: textos dramáticos en verso / Facultad de Filosofía y Letras de la Universidad de Buenos Aires, Instituto de Literatura Argentina ; _v7 |
|
| 700 | 1 |
_aCorvalán Mendilaharzu, Dardo. _9152220 |
|
| 710 | 2 |
_aUniversidad de Buenos Aires. _bInstituto de Literatura Argentina. _9139614 |
|
| 830 | 0 | 0 |
_aSección de documentos. _pPrimera serie. _pTextos dramáticos en verso (Instituto de Literatura Argentina) _v7 _9188932 |
| 852 |
_aES-MaACL _jC-6627(7) _zEnc. en un vol. facticio |
||
| 942 | _2udc | ||
| 999 |
_c170520 _d170520 |
||